| 000 | 00499nam a2200181 a 4500 | ||
|---|---|---|---|
| 005 | 20240925065410.0 | ||
| 008 | 991125s1920 mx 000 0 spa u | ||
| 035 | _aUPN01000054219 | ||
| 049 | _aCG | ||
| 050 | 4 |
_aHX314 _bL4.88 |
|
| 100 | 1 |
_aLenin, Vladimir Ilich, _d1870-1924 |
|
| 245 | 1 | 0 |
_aSobre el internacionalismo proletario / _cV. I. Lenin. |
| 260 |
_aMoscĂș : _bProgreso, _c[192-]. |
||
| 300 | _a382 p. | ||
| 650 | 4 |
_aComunismo _zRusia _910282 |
|
| 650 | 4 |
_aSocialismo _97360 |
|
| 905 | _aLibro | ||
| 999 |
_c54219 _d54219 |
||